01716 2200229 4500001002100000005001500021035002000036245009400056100003000150300004600180700002800226260003000254082001000284084001600294020002200310650004300332520101300375008004101388990001901429990001901448990001901467INLIS00000000001493220251105025630 a0010-11250000051 aUn-build to idea book :bkumpulan desain rumah berbagai tipe /cYohanes Christianto Johan0 aYohanes Christianto Johan avi, 74 hlm.; 28 cm. :bIlustrasi berwarna0 aMaria Agustina (editor) aYogyakarta :bAndi,c2012 a728.3 a728.3 YOH u a978-979-29-2652-1 aRumah tinggal - Desain dan perencanaan aDalam perancangan proyek bangunan, Arsitek harus selalu berdiskusi dengan Owner untuk menyatukan ide, sehingga gagasan-gagasan bisa diwujudkan dalam gambar rancangan. Karena proyek yang berjalan cukup lama, sering kali menyebabkan banyak gagasan baru timbul. Hal ini tentu saja berakibat pada berubahnya gambar rancangan yang disesuaikan dengan keinginan pemilik. Un-Build to Idea Book,berarti desain yang tidak terbangun untuk bisa menjadi ide. Banyak desain awal yang saying bila dibuang, karena sudah melewati tahap perancangan yang matang. Desain yang sudahdibuat tentu bisa menjadi ide bagi Anda yang akan atau sedang merencanakan membangun rumah atau bangunan lain. Denah dan tampak bangunan dalam buku ini, didesain secara kreatif untuk memenuhi kebutuhan dasar pengguna, tetapi mudah disesuaikan kembali dengan keinginan dan kebutuhan Anda. Tak hanya bangunan rumah tinggal, tetapi juga rumah kost dan bangunan usaha, bagi Anda yang memang pelaku usaha dan ingin mengembangkan bangunan lama.251105 d 0 ind  a025.4448/PC/25 a025.4449/PC/25 a025.4450/PC/25